Deutsche Geschichte 1800-1866: Burgerwelt und starker Staat

Bibliographic Details
Main Author: Nipperdey T. Thomas
Language:German
Published: Munchen, Beck, 1994
Subjects:
Format: Book
KOHA link:https://koha.lib.tpu.ru/cgi-bin/koha/opac-detail.pl?biblionumber=4521

MARC

LEADER 00000nam0a2200000 4500
001 4521
005 20231030175126.0
010 |a 340609354X 
035 |a (RuTPU)RU\TPU\book\4545 
035 |a BOOK00004565 
090 |a 4521 
100 |a 20011209d1994 k y0gery50 ba 
101 0 |a ger 
102 |a DE 
105 |a y z 000zy 
200 1 |a Deutsche Geschichte 1800-1866  |e Burgerwelt und starker Staat  |f T. Nipperdey 
210 |a Munchen  |c Beck  |d 1994 
215 |a 838 p. 
610 1 |a история 
610 1 |a Германия 
610 1 |a гражданская война 
610 1 |a 19 век 
686 |a Т3(4Г)  |v LBC/SL-A  |2 rubbk 
700 1 |a Nipperdey  |b T.  |g Thomas 
801 0 |a RU  |b 63413507  |c 20011209  |g PSBO 
801 2 |a RU  |b 63413507  |c 20070219  |g PSBO 
942 |c BK